Capitales sans les lettres de "Windhoek" - Statistiques

Statistiques générales
  • Ce quiz a été pris 2 fois
  • Le résultat moyen est 3 sur 6
Statistiques - réponses
Continents Capitales % Correct
Afrique Rabat
100%
Afrique Abuja
50%
Afrique Accra
50%
Afrique Asmara
50%
Océanie Suva
50%
Amérique du Sud Caracas
0%
Aucun quiz correspondant
Distribution des résultats
% des personnes avec chaque résultat
Percentile par nombre de réponses
Votre historique - résultats
Vous n’avez pas pris ce quiz